000 00865nam a2200217Ii 4500
003 JO-AjNU
008 230605s9999||||xx |||||||||||||| ||und||
017 _a2013/8/2992
020 _a978-9957-09-565-9
040 _aJO-AjNU
_bara
_erda
_cJO-AjNU
041 _aara
050 1 4 _aPJ7828 2013
100 3 _aإعداد وتقديم عبد الخالق، غسان إسماعيل,
_eauthor
_946260
245 0 0 _aمرايا العاشقين: مهرجان فيلادلفيا الثاني للشعراء الشباب: نصوص مختارة (16/3/2013)
264 3 1 _aعمان: دار أزمنة للنشر والتوزيع، 2013
300 _a107ص
_bصور فوتوغرافية
336 _atext
_btxt
_2rdacontent
337 _aunmediated
_bn
_2rdamedia
338 _avolume
_bnc
_2rdacarrier
650 4 _aالشعر العربي - العصر الحديث
_946261
999 _aA20111
_c23679
_d23679